Posledný krok na ceste k ochrane ovzdušia v krompašských Kovohutách

Bibliographic Details
Main Author: Rerková, Gabriela (Author)
Corporate Author: Kovohuty, Krompachy (Author)
Format: Article
Language:Slovak
PhysicalDescription:1 foto
Subjects:

MARC

LEADER 00000nab a2200000 a 4500
001 vtls001014639
003 SK-MaSNL
005 20260303042409.0
008 040720e19970414xo 0 slo
035 |a SN592 
040 |a SNSK  |b slo  |c SNSK  |e AACR2 
041 0 |a slo 
044 |a xo  |c SK 
080 |a 669.187  |2 1981 
080 |a 502.56  |2 1981 
100 1 |a Rerková, Gabriela  |4 aut  |9 267655 
245 1 0 |a Posledný krok na ceste k ochrane ovzdušia v krompašských Kovohutách 
300 |b 1 foto 
610 2 7 |a Kovohuty Krompachy  |2 SNSK  |9 125498 
610 2 7 |a 669.187  |2 SNSK  |9 1021402 
650 0 7 |a ekológia  |2 SNSK  |9 785 
650 0 7 |a informácie  |2 SNSK  |9 1285 
651 7 |a Krompachy (Slovensko)  |2 SNSK  |9 43389 
651 7 |a SN,  |2 SNSK  |9 1021277 
655 7 |a periodikum  |2 snkbucl  |9 29553 
710 2 |a Kovohuty, Krompachy  |4 aut  |9 1021403 
773 0 8 |t Spišský kuriér  |g Roč. 6, č.15, 14.4.1997, s. 3 
852 |a ZVYKNI  |b KIS3GCP 
999 |c 1691921  |d 1693851